000 00621nam a2200193 i 4500
001 58557
003 ES-MaACL
005 20250830063052.0
007 t|
008 031022s1978 sp ||||1| spa d
100 1 _aDurkheim, Émile,
_d1858-1917
_946302
245 1 4 _aLas reglas del método sociológico /
_cE. Durkheim ; [versión de L.E. Echevarría Rivera].
260 _aMadrid :
_bMorata,
_c[1978]
300 _a159 p. ;
_c21 cm.
650 0 4 _aSociología-
_xMetodología.
_917201
700 1 _aEchevarría Rivera, Luis Eduardo.
_946564
852 _aES-MaACL
_jA-9094
_bR.98220
999 _c58557
_d58557